000 00886nam a22002537a 4500
001 BR8702540
003 BR-BrBNA
005 20230928092512.0
007 ta
008 230509b bl.||||| |||| 00| 0 por d
040 _aBR-BrBNA
_bpor
_cBiblioteca Nacional de Agricultura
041 _a(Por)
072 _aS40
090 _ S40 BR8702540
110 1 _aAssociacao de Credito e Assistencia Rural, Belo Horizonte, MG (Brasil)
_9511
245 1 _aRelatorio da pesquisa sobre analise dos niveis de saude e avaliacao da dieta do escolar
_bInformacoes ACAR
260 3 _aBelo Horizonte, MG (Brasil):
_c1971.
300 _a55 p.
500 _a(*) Documento disponível no(a) Empresa de Assistencia Tecnica e Extensao Rural do Estado de Minas Gerais, Belo Horizonte (Brazil)
650 _aDIETA
650 _aALIMENTO INFANTIL
909 _a202309
_bLucia
_c55
_dLucia Elande
942 _cBK
999 _c39455
_d39455